| Tag |
First Indicator |
Second Indicator |
Subfields |
| LEADER |
00000cam a2200000Mu 4500 |
| 001 |
in00004635341 |
| 006 |
m o d |
| 007 |
cr |n|---||||| |
| 008 |
180428s2017 ag o 000 0 spa d |
| 005 |
20230103223437.3 |
| 035 |
|
|
|a (OCoLC)on1032710161
|
| 040 |
|
|
|a EBLCP
|b eng
|e pn
|c EBLCP
|d OCLCQ
|d JSTOR
|d OCLCF
|d OCLCO
|
| 020 |
|
|
|a 9789877222944
|
| 020 |
|
|
|a 9877222949
|
| 035 |
|
|
|a (OCoLC)1032710161
|
| 037 |
|
|
|a 22573/ctv252t3p6
|b JSTOR
|
| 050 |
|
4 |
|a Q180.55.M4
|
| 072 |
|
7 |
|a SOC
|x 010000
|2 bisacsh
|
| 072 |
|
7 |
|a POL
|x 045000
|2 bisacsh
|
| 072 |
|
7 |
|a POL
|x 057000
|2 bisacsh
|
| 082 |
0 |
4 |
|a 300.72
|2 23
|
| 049 |
|
|
|a TXAM
|
| 100 |
1 |
|
|a Alvarado, Mariana.
|
| 245 |
1 |
0 |
|a Metodologías en contexto.
|
| 260 |
|
|
|a Buenos Aires :
|b CLACSO,
|c 2017.
|
| 300 |
|
|
|a 1 online resource (151 pages)
|
| 336 |
|
|
|a text
|b txt
|2 rdacontent
|
| 337 |
|
|
|a computer
|b c
|2 rdamedia
|
| 338 |
|
|
|a online resource
|b cr
|2 rdacarrier
|
| 588 |
0 |
|
|a Print version record.
|
| 650 |
|
0 |
|a Research
|x Methodology.
|
| 650 |
|
0 |
|a Anti-imperialist movements.
|
| 650 |
|
0 |
|a Feminism.
|
| 650 |
|
0 |
|a Philosophy, Latin American.
|
| 650 |
|
2 |
|a Feminism
|
| 650 |
|
6 |
|a Recherche
|x Méthodologie.
|
| 650 |
|
6 |
|a Anti-impérialisme.
|
| 650 |
|
6 |
|a Féminisme.
|
| 650 |
|
6 |
|a Philosophie latino-américaine.
|
| 650 |
|
7 |
|a feminism.
|2 aat
|
| 650 |
|
7 |
|a SOCIAL SCIENCE / Feminism & Feminist Theory
|2 bisacsh
|
| 650 |
|
7 |
|a Anti-imperialist movements.
|2 fast
|0 (OCoLC)fst00810343
|
| 650 |
|
7 |
|a Feminism.
|2 fast
|0 (OCoLC)fst00922671
|
| 650 |
|
7 |
|a Philosophy, Latin American.
|2 fast
|0 (OCoLC)fst01061037
|
| 650 |
|
7 |
|a Research
|x Methodology.
|2 fast
|0 (OCoLC)fst01095216
|
| 655 |
|
7 |
|a Electronic books.
|2 local
|
| 700 |
1 |
|
|a Oto, Alejandro de.
|
| 710 |
2 |
|
|a JSTOR (Organization)
|
| 776 |
0 |
8 |
|i Print version:
|a Alvarado, Mariana.
|t Metodologías en contexto: intervenciones en perspectiva feminista, poscolonial latinoamericana.
|d Buenos Aires : CLACSO, ©2017
|
| 856 |
4 |
0 |
|u https://www.jstor.org/stable/10.2307/j.ctv253f4vr
|z Connect to the full text of this electronic book
|t 0
|
| 955 |
|
|
|a JSTOR Open Access ebooks
|
| 994 |
|
|
|a 92
|b TXA
|
| 999 |
f |
f |
|s ac82d339-dd86-4321-b2b7-cde38f6ce00a
|i 8400d1a8-c498-48dd-97bd-f8474c6b86a2
|t 0
|
| 952 |
f |
f |
|a Texas A&M University
|b College Station
|c Electronic Resources
|d Available Online
|t 0
|e Q180.55.M4
|h Library of Congress classification
|
| 998 |
f |
f |
|a Q180.55.M4
|t 0
|l Available Online
|